Top 25 cities with the most skyscrapers over 150m+ - Statistics

General Stats
  • This quiz has been taken 46 times
  • The average score is 16 of 25
Answer Stats
Hint Answer % Correct
310 New York City
95%
167 Tokyo
90%
251 Dubai
87%
183 Shanghai
85%
135 Chicago
82%
553 Hong Kong
82%
112 Jakarta
77%
95 Singapore
77%
154 Kuala Lumpur
74%
82 Seoul
74%
88 Mumbai
69%
367 Shenzhen
64%
81 Toronto
64%
109 Bangkok
62%
188 Guangzhou
59%
133 Wuhan
56%
74 Tianjin
54%
117 Chengdu
51%
144 Chongqing
49%
70 Nanjing
49%
97 Shenyang
44%
69 Melbourne
41%
77 Busan
36%
66 Panama City
31%
82 Nanning
13%
No matching quizzes found
Score Distribution
Percent of People with Each Score
Percentile by Number Answered
Your Score History
You have not taken this quiz